Štátne fondy bohatstva

Na minha lista:
Detalhes bibliográficos
Autor principal: Bačišin, Vladimír
Outros Autores: Kultan, Jaroslav, 1960-, Matušovič, Martin
Formato: Livro
Idioma:eslovaco
Publicado em: Chorvátsky Grob Bačišin Tkáč Public Affairs 2015
Assuntos:
Tags: Adicionar Tag
Sem tags, seja o primeiro a adicionar uma tag!

MARC

LEADER 00000nlm a2200000 4500
001 0214828
005 20240416113814.4
020 |a 978-80-971896-5-5 
041 0 |a slo 
044 |a SK 
245 1 0 |a Štátne fondy bohatstva  |c Vladimír Bačišin ; recenzenti: Jaroslav Kultan, Martin Matušovič 
264 1 |a Chorvátsky Grob  |b Bačišin Tkáč Public Affairs  |c 2015 
300 |a CD-ROM [70 s.] 
610 2 0 |a bohatstvo národné 
610 2 0 |a fondy štátne 
610 2 0 |a dôchodky 
610 2 0 |a porovnanie medzinárodné 
610 2 0 |a financovanie 
610 2 0 |a úspory 
100 1 |a Bačišin, Vladimír 
700 1 |a Kultan, Jaroslav, 1960- 
700 1 |a Matušovič, Martin